000
00205nam a2200085 4500
001
1258375
005
20260310101720.0
245
_a
DÜNYANIN EN ÖNEMLİ ÖĞRENCİSİ
_c
ŞERMİN YAŞAR
260
_b
TAZE KİTAP
999
_c
1258375
_d
1258375